000 01285 a2200241 4500
005 20080909122444.0
008 080909t xxu||||| |||| 00| 0 hin d
010 _aHIN-80291
020 _c200.00
035 _aHN-52637
037 _bD.B.Act / pub
082 _a370.71
100 _aशरण, एस.
245 _aअध्यापक और शिक्षण
_cएस.शरण तथा प्रवीण कुमार बंद्रवाल
246 _aAdhyapak aur Sikshan
_bby S.Sharan&Parveen Kumar Bandrawal
260 _aनई दिल्ली
_bओरियंटल बुक्स
_c2006
270 _a4760-61 द्वितीय तल,23,अंसारी रोड,दरियागंज
_bनई दिल्ली
_e110002
300 _a240पृ
_c22 सेमी(सजिल्द)
500 _aSame isbn n.8190362727 उत्तम आहार जीवन का आधार शीर्षक का।
700 _aबंद्रवाल, प्रवीण कुमार
942 _adpl
_cHN
_k370.71 / शरण
_2ddc
_h370.71
_mशरण
999 _c5404
_d5404